| 000 | 00986nam a22001817a 4500 | ||
|---|---|---|---|
| 003 | OSt | ||
| 005 | 20260424084114.0 | ||
| 008 | 260424b |||||||| |||| 00| 0 eng d | ||
| 020 | _a9788184082043 | ||
| 040 |
_aDWCL GS lib _cOC |
||
| 082 | _aFic. D886 2008 | ||
| 100 | _a Dumas, Alexandre | ||
| 245 |
_aIndiana illustrated classics: _bthe man in the iron mask _cAlexandre Dumas |
||
| 300 |
_a238 _billustrations _c21 cm |
||
| 520 | _aThe Man in the Iron Mask is a classic tale of political intrigue, part of Alexandre Dumas's D'Artagnan Romances. It follows an aging Aramis, now a bishop, who attempts to replace the cruel, arrogant King Louis XIV with his identical twin brother, Philippe, a man kept in hidden confinement under an iron mask. The plot centers on loyalty, friendship, and the musketeers' (Athos, Porthos, Aramis, D'Artagnan) opposing roles in the scandal. | ||
| 700 | _a Alexandre Dumas | ||
| 942 |
_2ddc _cFIC. _hFic. D886 2008 _n0 |
||
| 999 |
_c9862 _d9862 |
||